000 00522nam a22001937a 4500
003 OSt
005 20251106063554.0
008 251106b |||||||| |||| 00| 0 eng d
020 _a1-59185-227-7.
040 _aDWCL-Main lib
_cOC
082 _aCirc. 202.3 T455h 2004
100 _aThomas, Choo
245 _aHeaven is so real
_cThomas, Choo
260 _aFla :
_bCreation House Press,
_cc2004.
300 _axvi, 251 pages ;
_c22 cm.
650 _21. Heaven.
650 _22. Visions.
942 _2ddc
_cBK-CIRC
_kCirc.
_n0
999 _c5601
_d5601